LEADER 01820nam2-2200469---450- 001 990003161810203316 005 20081020103032.0 010 $a3-7001-3669-2 035 $a000316181 035 $aUSA01000316181 035 $a(ALEPH)000316181USA01 035 $a000316181 100 $a20081020d2006----km-y0itay50------ba 101 $ager 102 $aAT 105 $a||||||||001yy 200 1 $a<<3.>> Vormykenische Keramik, Kleinfunde, archaozoologische und archaobotanische Hinterlassenschaften, naturwissenschaftliche Datierung$fHrsg. von Eva Alram-Stern und Sigrid Deger-Jalkotzy 210 $aWien$cOsterreichische Akademie der Wissenschaften$dcopyr. 2006 215 $a234 p., [49] c. di tav. di cui 2 ripieg.$cill.$d30 cm 225 2 $a<> osterreichischen Ausgrabungen von Aigeira in Achaia 225 2 $aVeröffentlichungen der Mykenischen Kommission$v24 225 2 $aSonderschriften$v43 225 2 $aPhilosophisch-historische Klasse$v342 410 0$12001$a<> osterreichischen Ausgrabungen von Aigeira in Achaia 410 0$aVeröffentlichungen der Mykenischen Kommission$v24 410 0$aSonderschriften$v43 410 0$aPhilosophisch-historische Klasse$v342 454 1$12001 461 1$1001000316177$12001 606 0 $aScavi archeologici$yEgira$xAcropoli$z1975-1978 676 $a938.7 702 1$aDEGER-JALKOTZY,$bSigrid 702 1$aALRAM-STERN,$bEva 801 0$aIT$bsalbc$gISBD 912 $a990003161810203316 951 $aI T EGIR 1/3$b7420 DBC$cI T 959 $aBK 969 $aDBC 979 $aDBC$b90$c20081020$lUSA01$h1028 979 $aDBC$b90$c20081020$lUSA01$h1030 996 $aVormykenische Keramik, Kleinfunde, archaozoologische und archaobotanische Hinterlassenschaften, naturwissenschaftliche Datierung$91017741 997 $aUNISA